[Event "Agneaux St Lo op U20 16th"]
[Site "Agneaux"]
[Date "2014.07.11"]
[Round "7"]
[White "Kavalkou, Pavel"]
[Black "De Feijter, Bas"]
[Result "1/2-1/2"]
[WhiteElo "1820"]
[BlackElo "1895"]
[PlyCount "133"]
[EventDate "2014.07.06"]
[EventType "swiss"]
[EventRounds "9"]
[EventCountry "FRA"]
[SourceTitle "EXT 2015"]
[Source "ChessBase"]
[SourceDate "2014.11.20"]
[SourceVersion "1"]
[SourceVersionDate "2014.11.20"]
[SourceQuality "1"]

1. Nf3 e6 2. c4 f5 3. d4 Nf6 4. g3 Bb4+ 5. Bd2 Bxd2+ 6. Nbxd2 b6 7. Bg2 Bb7 8. 0-0 0-0 9. Rc1 Qe7 10. e3 d6 11. c5 dxc5 12. dxc5 bxc5 13. Ne5 Bxg2 14. Kxg2 Nbd7 15. Nxd7 Nxd7 16. Qc2 Rab8 17. b3 Rfd8 18. Nc4 Qf6 19. Nb2 Rb6 20. Na4 Rb5 21. Rfd1 Qe7 22. Qd3 a6 23. Rc2 Kf7 24. Rcd2 Ke8 25. e4 g6 26. exf5 gxf5 27. f4 Qf6 28. Qf3 c4 29. bxc4 Ra5 30. Qc6 Qe7 31. Nc3 h6 32. Re2 Kf7 33. Nd5 Qd6 34. Nb4 Qe7 35. Qxc7 Rc5 36. Qb7 Rb8 37. Qxd7 Rxb4 38. Qxe7+ Kxe7 39. Rde1 Rc6 40. Re5 Kf6 41. c5 Rc4 42. R1e2 R4xc5 43. Kh3 Rxe5 44. Rxe5 Rd6 45. Ra5 Rc6 46. Kh4 Kg6 47. h3 Rd6 48. Rc5 Rb6 49. a4 Rd6 50. a5 Kf6 51. Rc8 Rd5 52. Kh5 Rxa5 53. Kxh6 Ra3 54. Rf8+ Ke7 55. Rg8 a5 56. h4 a4 57. h5 Kf7 58. Rg7+ Kf8 59. Ra7 Rxg3 60. Rxa4 Kf7 61. Ra7+ Kf8 62. Kh7 Rg4 63. Ra4 Kf7 64. h6 Kf8 65. Ra8+ Kf7 66. Ra7+ Kf8 67. Ra8+ 1/2-1/2

[Event "Agneaux St Lo op U20 16th"]
[Site "Agneaux"]
[Date "2014.07.09"]
[Round "5"]
[White "Kavalkou, Pavel"]
[Black "Bouvet, Florian"]
[Result "1-0"]
[WhiteElo "1820"]
[BlackElo "1854"]
[PlyCount "109"]
[EventDate "2014.07.06"]
[EventType "swiss"]
[EventRounds "9"]
[EventCountry "FRA"]
[SourceTitle "EXT 2015"]
[Source "ChessBase"]
[SourceDate "2014.11.20"]
[SourceVersion "1"]
[SourceVersionDate "2014.11.20"]
[SourceQuality "1"]

1. Nf3 Nf6 2. c4 e6 3. b3 b6 4. g3 Bb7 5. Bg2 Be7 6. 0-0 0-0 7. Bb2 c5 8. e3 d5 9. d4 Nbd7 10. Nbd2 Rc8 11. Rc1 dxc4 12. bxc4 Ne4 13. Nxe4 Bxe4 14. Qb3 Qc7 15. Nd2 Bxg2 16. Kxg2 Rfd8 17. d5 e5 18. e4 Bd6 19. Qe3 Rf8 20. f4 f5 21. exf5 Rce8 22. fxe5 Bxe5 23. Bxe5 Qxe5 24. Qxe5 Rxe5 25. g4 Re2+ 26. Rf2 Rxf2+ 27. Kxf2 g6 28. Re1 gxf5 29. g5 b5 30. cxb5 Nb6 31. Rc1 Rc8 32. Nb3 c4 33. d6 Rd8 34. Na5 Rxd6 35. Nxc4 Nxc4 36. Rxc4 Rd2+ 37. Kg3 Rxa2 38. h4 Ra5 39. Rc5 a6 40. Rc8+ Kg7 41. Rc7+ Kg6 42. Rc6+ Kg7 43. bxa6 Ra4 44. h5 Kf7 45. Rc7+ Ke6 46. a7 Ke5 47. Re7+ Kd6 48. Rxh7 Ke5 49. Re7+ Kd6 50. Rb7 Ke5 51. h6 Ra3+ 52. Kh4 Ra1 53. h7 Kf4 54. Kh5 Kg3 55. Kg6 1-0

[Event "Agneaux St Lo op U20 16th"]
[Site "Agneaux"]
[Date "2014.07.06"]
[Round "1"]
[White "Schelleman, Niels"]
[Black "Kavalkou, Pavel"]
[Result "0-1"]
[WhiteElo "1521"]
[BlackElo "1820"]
[PlyCount "68"]
[EventDate "2014.07.06"]
[EventType "swiss"]
[EventRounds "9"]
[EventCountry "FRA"]
[SourceTitle "EXT 2015"]
[Source "ChessBase"]
[SourceDate "2014.11.20"]
[SourceVersion "1"]
[SourceVersionDate "2014.11.20"]
[SourceQuality "1"]

1. e4 Nf6 2. Nc3 d5 3. e5 Nfd7 4. d4 e6 5. Nf3 c5 6. Bb5 Nc6 7. Be3 Qc7 8. 0-0 a6 9. Bxc6 bxc6 10. Ne2 cxd4 11. Qxd4 c5 12. Qf4 Rb8 13. b3 d4 14. Bc1 Bb7 15. Ng3 Bxf3 16. Qxf3 Nxe5 17. Qe2 Rb6 18. Bf4 Bd6 19. Ne4 Nf3+ 20. Qxf3 Bxf4 21. h3 0-0 22. Kh1 e5 23. Rad1 f5 24. Nd2 e4 25. Qe2 Rh6 26. Qc4+ Kh8 27. Rfe1 Qc6 28. a4 e3 29. fxe3 Rxh3+ 30. Kg1 Rxe3 31. Nf3 Rxe1+ 32. Rxe1 Be3+ 33. Kf1 Qd6 34. Qd3 Qh6 0-1